[Event "2024 US National High School (K-12) Championship"]
[Site "Baltimore, Maryland, United States"]
[Date "2024.04.06"]
[Round "5.21"]
[White "Rajesh, Rishan"]
[Black "Chen, Davin"]
[Result "0-1"]
[TimeControl "G/90; d10"]
[WhiteFideId "39938832"]
[WhiteElo "1742"]
[BlackElo "1683"]

1. e4 {[%clk 01:30:00]} {[%emt 00:00:21]} e6 {[%clk 01:30:00]} {[%emt
00:00:07]} 2. d4 {[%clk 01:30:00]} {[%emt 00:00:10]} b6 {[%clk 01:30:00]}
{[%emt 00:00:09]} 3. Nc3 {[%clk 01:29:42]} {[%emt 00:00:08]} Bb7 {[%clk
01:30:00]} {[%emt 00:00:30]} 4. Be3 {[%clk 01:29:17]} {[%emt 00:00:07]} Bb4
{[%clk 01:29:53]} {[%emt 00:00:12]} 5. Nge2 {[%clk 01:28:23]} {[%emt 00:01:35]}
Bxe4 {[%clk 01:29:53]} {[%emt 00:00:04]} 6. a3 {[%clk 01:28:23]} Bxc3+ {[%clk
01:29:53]} 7. Nxc3 {[%emt 00:00:04]} Bb7 {[%clk 01:29:53]} 8. Qd2 {[%clk
01:28:20]} {[%emt 00:00:17]} Nf6 {[%clk 01:29:53]} {[%emt 00:00:06]} 9. f3
{[%clk 01:28:19]} {[%emt 00:00:20]} d6 {[%clk 01:29:43]} {[%emt 00:00:20]} 10.
O-O-O {[%clk 01:28:12]} {[%emt 00:00:05]} Nbd7 {[%clk 01:29:43]} {[%emt
00:00:08]} 11. Bc4 {[%clk 01:27:29]} {[%emt 00:01:00]} Qe7 {[%clk 01:29:31]}
{[%emt 00:00:20]} 12. Rhe1 {[%clk 01:26:54]} {[%emt 00:00:43]} O-O-O {[%clk
01:29:29]} {[%emt 00:00:22]} 13. d5 {[%clk 01:24:16]} {[%emt 00:02:44]} e5
{[%clk 01:29:29]} 14. Bb5 {[%clk 01:23:27]} {[%emt 00:00:58]} h6 {[%clk
01:28:20]} {[%emt 00:01:19]} 15. Qe2 {[%clk 01:22:00]} {[%emt 00:01:34]} g5
{[%clk 01:27:51]} {[%emt 00:00:51]} 16. b4 {[%clk 01:15:49]} {[%emt 00:06:11]}
Rdg8 {[%clk 01:26:13]} {[%emt 00:01:48]} 17. Bc6 {[%emt 00:01:23]} g4 {[%clk
01:25:25]} {[%emt 00:00:46]} 18. Nb5 {[%clk 01:07:20]} {[%emt 00:07:37]} Kb8
{[%clk 01:24:05]} {[%emt 00:01:30]} 19. Qc4 {[%clk 01:06:40]} {[%emt 00:00:50]}
Qd8 {[%clk 01:22:10]} {[%emt 00:02:04]} 20. f4 {[%clk 01:02:43]} {[%emt
00:04:16]} a6 {[%clk 01:21:33]} {[%emt 00:00:41]} 21. Nc3 {[%emt 00:05:19]} Nh5
{[%clk 01:20:00]} {[%emt 00:01:43]} 22. f5 {[%clk 00:55:44]} {[%emt 00:02:02]}
Nhf6 {[%clk 01:18:34]} {[%emt 00:01:31]} 23. a4 {[%clk 00:51:04]} {[%emt
00:04:52]} Qc8 {[%clk 01:17:21]} {[%emt 00:01:21]} 24. a5 {[%clk 00:49:01]}
{[%emt 00:02:18]} e4 {[%clk 01:16:00]} {[%emt 00:01:26]} 25. Bd4 {[%clk
00:42:24]} {[%emt 00:06:47]} Ne5 {[%emt 00:01:19]} 26. Bxe5 {[%clk 00:42:12]}
{[%emt 00:00:15]} dxe5 {[%clk 01:14:57]} {[%emt 00:00:10]} 27. Rf1 {[%emt
00:00:42]} Rd8 {[%clk 01:13:55]} {[%emt 00:00:49]} 28. Nxe4 {[%clk 00:39:05]}
{[%emt 00:03:48]} b5 {[%clk 01:12:58]} {[%emt 00:00:27]} 29. Qe2 {[%emt
00:04:16]} Nxd5 {[%clk 01:10:13]} {[%emt 00:02:42]} 30. Bxd5 {[%clk 00:34:13]}
{[%emt 00:01:09]} Rxd5 {[%clk 01:09:41]} {[%emt 00:00:42]} 31. Qxg4 {[%clk
00:33:09]} {[%emt 00:01:14]} Rg8 {[%clk 01:08:26]} {[%emt 00:01:25]} 32. Qe2
{[%clk 00:31:50]} {[%emt 00:01:30]} Qd8 {[%clk 01:08:05]} {[%emt 00:00:30]} 33.
c3 {[%clk 00:28:53]} {[%emt 00:03:10]} Qh4 {[%clk 01:06:52]} {[%emt 00:01:20]}
34. Rxd5 {[%clk 00:24:17]} {[%emt 00:04:46]} Bxd5 {[%clk 01:06:52]} {[%emt
00:00:12]} 35. Re1 {[%clk 00:23:33]} {[%emt 00:00:51]} Qxh2 {[%clk 01:05:20]}
{[%emt 00:01:41]} 36. g3 {[%clk 00:21:50]} {[%emt 00:01:53]} Qxe2 {[%clk
01:03:05]} {[%emt 00:02:26]} 37. Rxe2 {[%clk 00:21:50]} {[%emt 00:00:17]} Bxe4
{[%clk 01:03:05]} 38. Rxe4 {[%clk 00:21:50]} Rxg3 {[%clk 01:03:05]} {[%emt
00:00:15]} 39. Rxe5 {[%clk 00:21:50]} Rxc3+ {[%clk 01:02:56]} {[%emt 00:00:10]}
40. Kd2 {[%clk 00:21:50]} {[%emt 00:00:04]} Rc6 {[%clk 01:02:08]} {[%emt
00:00:55]} 41. Ke3 {[%clk 00:21:37]} {[%emt 00:00:23]} Kc8 {[%clk 01:01:54]}
{[%emt 00:00:24]} 42. Re7 {[%clk 00:21:34]} {[%emt 00:00:13]} Rf6 {[%clk
01:01:23]} {[%emt 00:00:41]} 43. Kf4 {[%clk 00:21:05]} {[%emt 00:00:42]} Kd8
{[%clk 01:01:23]} {[%emt 00:00:24]} 44. Re3 {[%clk 00:20:41]} {[%emt 00:00:44]}
Kd7 {[%clk 01:00:38]} {[%emt 00:00:29]} 45. Rh3 {[%clk 00:19:56]} {[%emt
00:00:55]} Kd6 {[%clk 00:59:34]} {[%emt 00:01:17]} 46. Rd3+ {[%clk 00:19:34]}
{[%emt 00:00:29]} Ke7 {[%clk 00:58:55]} {[%emt 00:00:52]} 47. Re3+ {[%clk
00:18:51]} {[%emt 00:00:50]} Kd7 {[%clk 00:58:44]} {[%emt 00:00:21]} 48. Rh3
{[%clk 00:18:38]} {[%emt 00:00:25]} Rd6 {[%clk 00:58:44]} {[%emt 00:00:08]} 49.
Ke5 {[%clk 00:18:38]} {[%emt 00:00:30]} Rc6 {[%clk 00:57:36]} {[%emt 00:00:53]}
50. f6 {[%clk 00:18:31]} {[%emt 00:00:17]} Re6+ {[%clk 00:55:55]} {[%emt
00:01:51]} 51. Kf5 {[%clk 00:18:31]} {[%emt 00:00:35]} Rd6 {[%clk 00:55:29]}
{[%emt 00:00:10]} 52. Ke5 {[%clk 00:18:22]} {[%emt 00:00:21]} c6 {[%clk
00:55:12]} {[%emt 00:00:25]} 53. Rxh6 {[%emt 00:01:10]} Rd5+ {[%emt 00:00:09]}
54. Ke4 {[%clk 00:17:04]} {[%emt 00:00:09]} Ke6 {[%clk 00:55:11]} {[%emt
00:00:20]} 55. Rh8 {[%clk 00:16:57]} {[%emt 00:00:20]} Re5+ {[%clk 00:54:10]}
{[%emt 00:01:02]} 56. Kd4 {[%clk 00:16:44]} {[%emt 00:00:21]} c5+ {[%clk
00:53:31]} {[%emt 00:00:47]} 57. bxc5 {[%clk 00:16:44]} {[%emt 00:00:11]} Rd5+
{[%clk 00:53:31]} {[%emt 00:00:07]} 58. Kc3 {[%clk 00:16:23]} {[%emt 00:00:30]}
Rxc5+ {[%clk 00:53:31]} {[%emt 00:00:07]} 59. Kb3 {[%clk 00:16:23]} {[%emt
00:00:16]} Rc6 {[%clk 00:53:12]} {[%emt 00:00:24]} 60. Rb8 {[%clk 00:16:23]}
{[%emt 00:00:08]} Kd5 {[%clk 00:50:37]} {[%emt 00:02:45]} 61. Kb4 {[%clk
00:14:15]} {[%emt 00:02:18]} Rxf6 {[%clk 00:49:24]} {[%emt 00:01:23]} 62. Rd8+
{[%clk 00:14:15]} {[%emt 00:00:38]} Rd6 {[%clk 00:48:41]} {[%emt 00:00:20]} 63.
Rc8 {[%clk 00:13:47]} {[%emt 00:00:37]} Rc6 {[%clk 00:48:25]} {[%emt 00:00:26]}
64. Rd8+ {[%clk 00:13:47]} {[%emt 00:00:21]} Ke4 {[%clk 00:48:25]} 65. Re8
{[%clk 00:13:44]} {[%emt 00:00:08]} Kf4 {[%clk 00:48:25]} {[%emt 00:00:07]} 66.
Kb3 {[%clk 00:13:24]} {[%emt 00:00:20]} f5 {[%clk 00:48:21]} {[%emt 00:00:12]}
67. Rb8 {[%clk 00:13:24]} {[%emt 00:00:30]} Ke5 {[%clk 00:48:06]} {[%emt
00:00:07]} 68. Re8+ {[%clk 00:13:24]} {[%emt 00:00:03]} Kd4 {[%clk 00:46:40]}
{[%emt 00:01:30]} 69. Rd8+ {[%clk 00:13:24]} {[%emt 00:00:15]} Ke5 {[%clk
00:46:24]} {[%emt 00:00:19]} 70. Re8+ {[%clk 00:12:59]} {[%emt 00:00:33]} Re6
{[%clk 00:46:24]} {[%emt 00:00:25]} 71. Rf8 {[%clk 00:12:42]} {[%emt 00:00:11]}
f4 {[%clk 00:46:21]} {[%emt 00:00:10]} 72. Kc3 {[%clk 00:12:17]} {[%emt
00:00:37]} Ke4 {[%clk 00:45:54]} {[%emt 00:00:37]} 73. Kd2 {[%clk 00:12:13]}
{[%emt 00:00:11]} f3 {[%clk 00:45:44]} {[%emt 00:00:20]} 74. Rb8 {[%clk
00:11:48]} {[%emt 00:01:00]} Rd6+ {[%clk 00:45:44]} {[%emt 00:00:04]} 75. Ke1
{[%clk 00:11:48]} Rd4 {[%clk 00:45:19]} {[%emt 00:00:19]} 76. Rb6 {[%clk
00:10:01]} {[%emt 00:01:54]} Ke3 {[%clk 00:44:28]} {[%emt 00:01:04]} 77. Re6+
{[%clk 00:10:01]} {[%emt 00:00:04]} Kd3 {[%clk 00:43:00]} {[%emt 00:01:34]} 78.
Rxa6 {[%clk 00:09:54]} {[%emt 00:00:17]} Ra4 {[%clk 00:43:00]} {[%emt
00:00:20]} 79. Kf2 {[%clk 00:09:04]} {[%emt 00:00:52]} b4 {[%clk 00:42:40]}
{[%emt 00:00:27]} 80. Rb6 {[%clk 00:08:48]} {[%emt 00:00:26]} Kc3 {[%clk
00:42:29]} {[%emt 00:00:41]} 81. a6 {[%clk 00:08:27]} {[%emt 00:00:15]} b3
{[%clk 00:42:29]} {[%emt 00:00:08]} 82. Rc6+ {[%clk 00:08:26]} {[%emt
00:00:08]} Kb2 {[%clk 00:42:29]} {[%emt 00:00:09]} 83. Kxf3 {[%clk 00:08:06]}
{[%emt 00:00:30]} Ka2 {[%clk 00:42:19]} {[%emt 00:00:26]} 84. Ke3 {[%clk
00:07:34]} {[%emt 00:00:36]} b2 {[%clk 00:42:19]} {[%emt 00:00:38]} 85. Rc2
{[%clk 00:07:34]} {[%emt 00:00:03]} Rxa6 {[%clk 00:42:10]} 86. Kd2 {[%clk
00:07:34]} {[%emt 00:00:07]} Rd6 {[%clk 00:42:10]} {[%emt 00:00:04]} 87. Ke2
{[%clk 00:07:34]} {[%emt 00:00:03]} Ka1 {[%clk 00:42:10]} {[%emt 00:00:30]} 88.
Rc5 {[%clk 00:07:29]} {[%emt 00:00:07]} b1=Q {[%clk 00:42:10]} 89. Ra5+ {[%clk
00:07:29]} Qa2+ {[%clk 00:42:10]} 0-1

[Event "2024 US National High School (K-12) Championship"]
[Site "Baltimore, Maryland, United States"]
[Date "2024.04.06"]
[Round "5.22"]
[White "Waxberg, Jason"]
[Black "Sun, Ray Mingye"]
[Result "1-0"]
[TimeControl "G/90; d10"]
[BlackFideId "39906272"]
[WhiteElo "1860"]
[BlackElo "1659"]

1. d4 {[%clk 01:30:00]} Nf6 {[%clk 01:28:56]} {[%emt 00:01:16]} 2. c4 {[%clk
01:30:00]} {[%emt 00:00:03]} c5 {[%clk 01:28:48]} {[%emt 00:00:16]} 3. d5
{[%clk 01:30:00]} {[%emt 00:00:11]} e6 {[%clk 01:28:48]} {[%emt 00:00:03]} 4.
Nc3 {[%clk 01:30:00]} {[%emt 00:00:03]} exd5 {[%clk 01:28:48]} {[%emt
00:00:07]} 5. cxd5 {[%clk 01:30:00]} {[%emt 00:00:03]} d6 {[%clk 01:28:48]}
{[%emt 00:00:08]} 6. g3 {[%clk 01:29:55]} {[%emt 00:00:10]} g6 {[%clk
01:28:45]} {[%emt 00:00:13]} 7. Bg2 {[%clk 01:29:55]} {[%emt 00:00:22]} Bg7
{[%clk 01:28:45]} 8. Nf3 {[%clk 01:29:55]} {[%emt 00:00:11]} O-O {[%clk
01:28:45]} 9. O-O {[%clk 01:29:55]} Re8 {[%clk 01:28:07]} {[%emt 00:00:42]} 10.
Re1 {[%clk 01:25:04]} {[%emt 00:05:01]} a6 {[%clk 01:26:49]} {[%emt 00:01:33]}
11. a4 {[%clk 01:25:02]} {[%emt 00:00:11]} Nbd7 {[%clk 01:25:32]} {[%emt
00:01:25]} 12. Bf4 {[%clk 01:24:21]} {[%emt 00:00:49]} Qc7 {[%clk 01:25:13]}
{[%emt 00:00:29]} 13. Nd2 {[%clk 01:23:34]} {[%emt 00:00:56]} Nh5 {[%clk
01:24:29]} {[%emt 00:01:11]} 14. Bg5 {[%clk 01:22:04]} {[%emt 00:01:59]} h6
{[%clk 01:24:19]} 15. Be3 {[%clk 01:22:04]} Ne5 {[%clk 01:24:01]} {[%emt
00:00:31]} 16. Qc1 {[%clk 01:19:25]} {[%emt 00:02:34]} Ng4 {[%clk 01:20:10]}
{[%emt 00:03:58]} 17. Nc4 {[%clk 01:19:25]} {[%emt 00:00:12]} Nxe3 {[%clk
01:18:58]} {[%emt 00:01:21]} 18. Nxe3 {[%clk 01:19:25]} {[%emt 00:00:07]} f5
{[%clk 01:17:57]} {[%emt 00:01:07]} 19. Nc4 {[%clk 01:18:02]} {[%emt 00:01:54]}
Nf6 {[%clk 01:13:51]} {[%emt 00:03:55]} 20. e4 {[%clk 01:15:50]} {[%emt
00:02:33]} Ng4 {[%clk 01:09:17]} {[%emt 00:04:50]} 21. h3 {[%clk 01:11:28]}
{[%emt 00:04:13]} Ne5 {[%clk 01:07:13]} {[%emt 00:02:14]} 22. exf5 {[%clk
01:09:07]} {[%emt 00:02:32]} Bxf5 {[%clk 01:05:23]} {[%emt 00:02:03]} 23. Nxe5
{[%clk 01:09:07]} {[%emt 00:00:04]} Rxe5 {[%clk 01:05:00]} {[%emt 00:00:39]} 24.
Rxe5 {[%clk 01:09:07]} {[%emt 00:00:04]} dxe5 {[%clk 01:04:51]} {[%emt
00:00:19]} 25. Ne4 {[%clk 01:08:51]} {[%emt 00:00:21]} Bxe4 {[%clk 00:48:54]}
{[%emt 00:16:07]} 26. Bxe4 {[%clk 01:08:49]} {[%emt 00:00:31]} Qb6 {[%clk
00:44:28]} {[%emt 00:04:13]} 27. Qc4 {[%clk 01:04:56]} {[%emt 00:04:02]} Kh7
{[%clk 00:39:41]} {[%emt 00:04:57]} 28. h4 {[%clk 01:02:44]} {[%emt 00:02:25]}
h5 {[%clk 00:34:45]} {[%emt 00:05:04]} 29. Qe2 {[%clk 00:56:39]} {[%emt
00:06:09]} Kg8 {[%clk 00:31:01]} {[%emt 00:04:00]} 30. Qc2 {[%clk 00:56:10]}
{[%emt 00:00:42]} Kh7 {[%clk 00:28:53]} {[%emt 00:02:14]} 31. Ra3 {[%clk
00:49:32]} {[%emt 00:06:49]} Qd6 {[%clk 00:26:54]} {[%emt 00:02:09]} 32. a5
{[%clk 00:47:56]} {[%emt 00:01:50]} b5 {[%clk 00:20:32]} {[%emt 00:06:29]} 33.
axb6 {[%clk 00:47:21]} {[%emt 00:00:44]} Qxb6 {[%clk 00:20:16]} {[%emt
00:00:27]} 34. d6 {[%clk 00:40:51]} {[%emt 00:06:39]} Rd8 {[%clk 00:19:42]}
{[%emt 00:00:46]} 35. Qe2 {[%clk 00:40:25]} {[%emt 00:00:33]} Rxd6 {[%clk
00:19:03]} {[%emt 00:00:52]} 36. Qxh5+ {[%clk 00:40:25]} {[%emt 00:00:07]} Kg8
{[%clk 00:18:58]} {[%emt 00:00:14]} 37. Qe2 {[%clk 00:38:33]} {[%emt 00:02:02]}
Rd4 {[%clk 00:17:02]} {[%emt 00:02:07]} 38. Rxa6 {[%clk 00:37:15]} {[%emt
00:01:26]} Qc7 {[%clk 00:13:30]} {[%emt 00:03:40]} 39. Bxg6 {[%clk 00:35:14]}
{[%emt 00:02:11]} Rd6 {[%clk 00:11:02]} {[%emt 00:02:38]} 40. Qc4+ {[%clk
00:32:23]} {[%emt 00:03:04]} Kh8 {[%clk 00:10:39]} {[%emt 00:00:30]} 41. Ra8+
{[%clk 00:31:58]} {[%emt 00:00:37]} Rd8 {[%clk 00:10:39]} {[%emt 00:00:03]} 42.
Qd5 {[%clk 00:27:41]} {[%emt 00:04:25]} Bf6 {[%clk 00:09:45]} {[%emt 00:01:04]}
43. Rxd8+ {[%clk 00:26:38]} {[%emt 00:01:13]} Bxd8 {[%clk 00:09:22]} {[%emt
00:00:32]} 44. h5 {[%clk 00:25:13]} {[%emt 00:01:36]} Kg7 {[%clk 00:08:58]}
{[%emt 00:00:36]} 45. Qe6 {[%clk 00:23:18]} {[%emt 00:02:01]} Bf6 {[%clk
00:08:07]} {[%emt 00:01:02]} 46. Bf5 {[%clk 00:22:37]} {[%emt 00:00:49]} Qd8
{[%clk 00:07:34]} {[%emt 00:00:56]} 47. Bc2 {[%clk 00:21:06]} {[%emt 00:01:30]}
Qd2 {[%clk 00:06:55]} {[%emt 00:00:50]} 48. Qf5 {[%clk 00:20:42]} {[%emt
00:00:52]} Qh6 {[%clk 00:04:09]} {[%emt 00:02:39]} 49. Qd7+ {[%clk 00:17:43]}
{[%emt 00:03:04]} Kf8 {[%clk 00:03:52]} {[%emt 00:00:36]} 50. Bg6 {[%clk
00:17:18]} {[%emt 00:00:28]} Bg5 {[%clk 00:03:02]} {[%emt 00:01:03]} 51. Qf7#
{[%emt 00:00:07]} 1-0

[Event "2024 US National High School (K-12) Championship"]
[Site "Baltimore, Maryland, United States"]
[Date "2024.04.06"]
[Round "5.23"]
[White "Date, Yash"]
[Black "Hyder, Uneeb"]
[Result "1-0"]
[TimeControl "G/90; d10"]
[WhiteFideId "39901866"]
[WhiteElo "1562"]
[BlackElo "1322"]

1. e4 {[%clk 01:30:00]} c5 {[%clk 01:30:00]} {[%emt 00:00:25]} 2. Nc3 {[%clk
01:30:00]} {[%emt 00:00:05]} d6 {[%clk 01:30:00]} {[%emt 00:00:11]} 3. f4
{[%clk 01:30:00]} {[%emt 00:00:09]} e6 {[%clk 01:29:32]} {[%emt 00:00:12]} 4.
Nf3 {[%clk 01:30:00]} {[%emt 00:00:57]} Be7 {[%clk 01:28:49]} {[%emt 00:00:42]}
5. Bb5+ {[%clk 01:29:42]} {[%emt 00:00:04]} Nc6 {[%clk 01:28:15]} {[%emt
00:00:53]} 6. O-O {[%clk 01:29:32]} {[%emt 00:00:08]} Nf6 {[%clk 01:27:40]}
{[%emt 00:01:05]} 7. d3 {[%clk 01:29:30]} {[%emt 00:00:04]} Bd7 {[%clk
01:27:13]} {[%emt 00:00:56]} 8. a3 {[%clk 01:24:10]} {[%emt 00:04:54]} a6
{[%clk 01:24:35]} {[%emt 00:02:46]} 9. Bxc6 {[%clk 01:23:44]} {[%emt 00:00:35]}
Bxc6 {[%clk 01:23:41]} {[%emt 00:01:04]} 10. Qe1 {[%clk 01:22:40]} {[%emt
00:01:14]} d5 {[%clk 01:13:21]} {[%emt 00:10:30]} 11. Ne5 {[%clk 01:18:52]}
{[%emt 00:04:00]} Qc7 {[%clk 01:10:04]} {[%emt 00:03:23]} 12. Bd2 {[%clk
01:15:21]} {[%emt 00:03:42]} d4 {[%clk 01:06:02]} {[%emt 00:04:11]} 13. Ne2
{[%clk 01:14:27]} {[%emt 00:01:43]} Nd7 {[%clk 00:59:59]} {[%emt 00:05:33]} 14.
Nxd7 {[%clk 01:08:37]} {[%emt 00:06:30]} Qxd7 {[%clk 00:59:00]} {[%emt
00:00:45]} 15. b4 {[%clk 01:07:00]} {[%emt 00:01:43]} Ba4 {[%clk 00:51:41]}
{[%emt 00:07:28]} 16. Rc1 {[%clk 01:02:37]} {[%emt 00:04:32]} O-O {[%clk
00:50:57]} {[%emt 00:01:01]} 17. f5 {[%clk 01:01:02]} {[%emt 00:01:46]} e5
{[%clk 00:49:19]} {[%emt 00:01:42]} 18. Qg3 {[%clk 00:50:34]} {[%emt 00:10:36]}
Bf6 {[%clk 00:46:15]} {[%emt 00:03:13]} 19. Qg4 {[%clk 00:45:50]} {[%emt
00:04:56]} g6 {[%clk 00:45:08]} {[%emt 00:01:15]} 20. Ng3 {[%clk 00:37:29]}
{[%emt 00:08:33]} Rfc8 {[%clk 00:41:47]} {[%emt 00:03:29]} 21. Qf3 {[%clk
00:34:24]} {[%emt 00:03:15]} Qd8 {[%clk 00:26:23]} {[%emt 00:15:35]} 22. fxg6
{[%clk 00:33:48]} {[%emt 00:00:46]} Rc6 {[%clk 00:24:46]} {[%emt 00:01:46]} 23.
Nh5 {[%clk 00:29:52]} {[%emt 00:04:31]} 1-0

[Event "2024 US National High School (K-12) Championship"]
[Site "Baltimore, Maryland, United States"]
[Date "2024.04.06"]
[Round "5.24"]
[White "Tang, Eric Y"]
[Black "Brush, Ethan Gopalan"]
[Result "1/2-1/2"]
[TimeControl "G/90; d10"]
[WhiteFideId "30908949"]
[WhiteElo "1420"]
[BlackElo "777"]

1. d4 {[%clk 01:30:00]} {[%emt 00:00:51]} d5 {[%clk 01:30:00]} 2. Nf3 {[%clk
01:30:00]} e6 {[%clk 01:29:50]} {[%emt 00:00:02]} 3. c4 {[%clk 01:29:57]}
{[%emt 00:00:03]} c5 {[%clk 01:29:15]} {[%emt 00:00:33]} 4. cxd5 {[%clk
01:29:52]} {[%emt 00:00:18]} exd5 {[%clk 01:29:05]} {[%emt 00:00:16]} 5. Nc3
{[%clk 01:29:52]} {[%emt 00:00:44]} Nf6 {[%clk 01:26:04]} {[%emt 00:02:29]} 6.
Bg5 {[%clk 01:29:52]} {[%emt 00:00:18]} Be7 {[%clk 01:24:04]} {[%emt 00:02:08]}
7. dxc5 {[%clk 01:29:18]} {[%emt 00:00:47]} O-O {[%clk 01:17:57]} {[%emt
00:06:07]} 8. e3 {[%clk 01:29:00]} {[%emt 00:00:44]} Be6 {[%clk 01:14:36]}
{[%emt 00:03:14]} 9. Bd3 {[%clk 01:26:34]} {[%emt 00:02:36]} Nfd7 {[%clk
01:11:32]} {[%emt 00:03:14]} 10. Bxe7 {[%clk 01:26:31]} {[%emt 00:00:21]} Qxe7
{[%clk 01:11:32]} {[%emt 00:00:05]} 11. Rc1 {[%clk 01:21:48]} {[%emt 00:04:49]}
Nc6 {[%clk 01:06:29]} {[%emt 00:05:12]} 12. O-O {[%clk 01:20:16]} {[%emt
00:01:47]} Nxc5 {[%clk 01:05:42]} {[%emt 00:00:52]} 13. Be2 {[%clk 01:18:27]}
{[%emt 00:02:06]} Rad8 {[%clk 01:03:58]} {[%emt 00:01:46]} 14. a3 {[%clk
01:15:03]} {[%emt 00:03:36]} Ne4 {[%clk 01:00:35]} {[%emt 00:03:31]} 15. Nd4
{[%clk 01:12:07]} {[%emt 00:03:09]} Ne5 {[%clk 00:52:13]} {[%emt 00:08:31]} 16.
Qa4 {[%clk 01:06:18]} {[%emt 00:05:57]} f5 {[%clk 00:45:17]} {[%emt 00:07:17]}
17. Nxe6 {[%clk 01:00:37]} {[%emt 00:06:07]} Qxe6 {[%clk 00:45:01]} {[%emt
00:00:10]} 18. Qxa7 {[%clk 01:00:37]} f4 {[%clk 00:41:29]} {[%emt 00:03:42]} 19.
Nxe4 {[%clk 00:58:43]} {[%emt 00:02:09]} dxe4 {[%clk 00:38:06]} {[%emt
00:03:26]} 20. exf4 {[%clk 00:57:18]} {[%emt 00:01:47]} Rxf4 {[%emt 00:03:33]}
21. Qe3 {[%clk 00:50:10]} {[%emt 00:06:37]} Rdf8 {[%clk 00:33:49]} {[%emt
00:01:32]} 22. Rc3 {[%clk 00:35:07]} {[%emt 00:15:15]} Qf6 {[%clk 00:28:32]}
{[%emt 00:05:49]} 23. Rb3 {[%clk 00:24:54]} {[%emt 00:10:00]} h6 {[%clk
00:23:15]} {[%emt 00:05:45]} 24. Rb4 {[%clk 00:21:59]} {[%emt 00:02:46]} Qg6
{[%clk 00:19:44]} {[%emt 00:03:50]} 25. Qg3 {[%clk 00:20:16]} {[%emt 00:01:45]}
Qc6 {[%clk 00:15:08]} {[%emt 00:04:44]} 26. Qc3 {[%clk 00:17:25]} {[%emt
00:03:00]} Qxc3 {[%clk 00:10:00]} {[%emt 00:05:24]} 27. bxc3 {[%clk 00:17:25]}
{[%emt 00:00:04]} Nd3 {[%clk 00:09:33]} {[%emt 00:00:32]} 28. Bxd3 {[%clk
00:17:03]} {[%emt 00:00:29]} exd3 {[%clk 00:09:33]} {[%emt 00:00:39]} 29. Rxf4
{[%clk 00:16:48]} {[%emt 00:00:04]} Rxf4 {[%clk 00:09:33]} {[%emt 00:00:04]} 30.
Rd1 {[%clk 00:16:48]} Ra4 {[%clk 00:07:25]} {[%emt 00:02:46]} 31. Rxd3 {[%clk
00:16:48]} Rxa3 {[%clk 00:07:14]} {[%emt 00:00:04]} 32. g3 {[%clk 00:16:48]}
{[%emt 00:00:04]} b5 {[%clk 00:06:24]} {[%emt 00:00:51]} 33. Rd5 {[%clk
00:16:06]} {[%emt 00:00:55]} Rxc3 {[%clk 00:06:03]} {[%emt 00:00:28]} 34. Rxb5
{[%clk 00:16:06]} {[%emt 00:00:10]} Kf7 {[%clk 00:06:02]} {[%emt 00:00:10]} 35.
Kg2 {[%clk 00:15:34]} {[%emt 00:00:36]} Rc2 {[%clk 00:05:50]} {[%emt 00:00:20]}
36. h3 {[%clk 00:14:33]} {[%emt 00:01:11]} g5 {[%clk 00:05:18]} {[%emt
00:00:42]} 37. Rb6 {[%clk 00:14:33]} {[%emt 00:00:10]} Kg7 {[%clk 00:05:07]}
{[%emt 00:00:13]} 38. Re6 {[%clk 00:14:12]} {[%emt 00:00:34]} Rc3 {[%clk
00:04:48]} {[%emt 00:00:26]} 39. Re3 {[%clk 00:14:12]} {[%emt 00:00:13]} Rc2
{[%clk 00:04:48]} 40. g4 {[%clk 00:14:07]} {[%emt 00:00:16]} Kf6 {[%clk
00:04:28]} {[%emt 00:00:28]} 41. Kg3 {[%clk 00:14:07]} {[%emt 00:00:04]} Rc4
{[%clk 00:04:28]} {[%emt 00:00:09]} 42. Rf3+ {[%clk 00:14:03]} {[%emt
00:00:37]} Kg6 {[%clk 00:04:21]} 43. Rd3 {[%clk 00:13:49]} {[%emt 00:00:18]}
Rc6 {[%clk 00:03:14]} {[%emt 00:01:15]} 44. h4 {[%clk 00:13:44]} {[%emt
00:00:18]} gxh4+ {[%clk 00:02:55]} {[%emt 00:00:27]} 45. Kxh4 {[%clk 00:13:44]}
{[%emt 00:00:18]} Rf6 {[%clk 00:02:55]} 46. Kg3 {[%clk 00:13:44]} {[%emt
00:00:03]} Kg5 {[%clk 00:02:40]} {[%emt 00:00:14]} 47. Rd5+ {[%clk 00:13:44]}
{[%emt 00:00:09]} Kg6 {[%clk 00:02:40]} {[%emt 00:00:03]} 48. f4 {[%clk
00:13:44]} {[%emt 00:00:06]} Ra6 {[%clk 00:02:38]} {[%emt 00:00:13]} 49. f5+
{[%clk 00:13:29]} {[%emt 00:00:25]} Kg5 {[%clk 00:02:31]} {[%emt 00:00:14]} 50.
Rd4 {[%clk 00:12:46]} {[%emt 00:00:53]} Ra3+ {[%clk 00:02:08]} {[%emt
00:00:33]} 51. Kg2 {[%clk 00:12:46]} {[%emt 00:00:13]} h5 {[%clk 00:01:29]}
{[%emt 00:00:49]} 52. gxh5 {[%clk 00:11:31]} {[%emt 00:01:24]} Kxh5 {[%clk
00:01:29]} {[%emt 00:00:04]} 53. f6 {[%clk 00:10:42]} {[%emt 00:00:56]} Kg6
{[%clk 00:01:29]} {[%emt 00:00:10]} 54. Rf4 {[%clk 00:10:34]} {[%emt 00:00:20]}
Kf7 {[%clk 00:01:29]} {[%emt 00:00:04]} 55. Rf3 {[%clk 00:10:23]} {[%emt
00:00:24]} Rxf3 {[%clk 00:01:29]} {[%emt 00:00:05]} 56. Kxf3 {[%clk 00:10:23]}
{[%emt 00:00:03]} 1/2-1/2